Normal view MARC view
  • Torsello, Kash Gabriele

Entry Personal Name

Number of records used in: 2

001 - CONTROL NUMBER

  • control field: 4736

003 - CONTROL NUMBER IDENTIFIER

  • control field: NUST

005 - DATE AND TIME OF LATEST TRANSACTION

  • control field: 20170921110440.0

008 - FIXED-LENGTH DATA ELEMENTS

  • fixed length control field: 170921|| aca||aabn | a|a d

040 ## - CATALOGING SOURCE

  • Original cataloging agency: NUST
  • Transcribing agency: NUST

100 ## - HEADING--PERSONAL NAME

  • Personal name: Torsello, Kash Gabriele

670 ## - SOURCE DATA FOUND

  • Source citation: Work cat.: (NUST): Torsello, Kash Gabriele, The heart of Kashmir /, 2002
© 2023 Central Library, National University of Sciences and Technology. All Rights Reserved.